000 00373nam a2200145Ia 4500
008 150201s2009 xx 000 0 und d
082 _a617.643
_bM2009M
100 _aMARS,MICHAEL
245 _aMANAGEMENT OF CLEFT LIP & PLATE
250 _a1ST
260 _bWILEY BLACKWELL PUBLISHING
_aEDINBURGH
_c2009
300 _a1-221
650 _aORTHODONTICS
942 _2ddc
_cBK
_02
999 _c4565
_d4565